Dekolonizacja Afryki - Statystyki

Ogólne statystyki
  • Ten quiz został rozwiązany 39 razy
  • Średni wynik to 38 z 48
Statystyki odpowiedzi
Odpowiedź Hint % Poprawnych
Algieria 1962
91%
Demokratyczna Republika Konga (Zair) 1960
91%
Madagaskar (Republika Malgaska) 1960
88%
Maroko 1956
88%
Sudan 1956
88%
Tunezja 1956
88%
Botswana 1966
85%
Ghana 1957
85%
Gwinea 1958
85%
Kongo 1960
85%
Libia 1951
85%
Mali 1960
85%
Senegal 1960
85%
Somalia 1960
85%
Angola 1975
82%
Czad 1960
82%
Gwinea Bissau 1974
82%
Mauretania 1960
82%
Niger 1960
82%
Togo 1960
82%
Kenia 1963
79%
Nigeria 1960
79%
Republika Środkowoafrykańska (Cesarstwo Środkowoafrykańskie) 1960
79%
Rwanda 1962
79%
Sierra Leone 1961
79%
Zimbabwe 1980
79%
Benin (Dahomej) 1960
76%
Gwinea Równikowa 1968
76%
Kamerun 1960
76%
Komory 1975
76%
Mauritius 1968
76%
Mozambik 1975
76%
Namibia 1990
76%
Seszele 1976
76%
Tanzania 1964
76%
Wybrzeże Kości Słoniowej 1960
76%
Zambia 1964
76%
Burkina Faso (Górna Wolta) 1960
73%
Dżibuti 1977
73%
Gabon 1960
73%
Lesotho 1966
73%
Uganda 1962
73%
Burundi 1962
70%
Eswatini 1968
70%
Gambia 1965
70%
Malawi 1964
61%
Republika Zielonego Przylądka 1975
58%
Wyspy Świętego Tomasza i Książęca 1975
58%
Nie znaleziono quizów pasujących do podanych kryteriów
Rozkład punktacji
Procent ludzi z każdym wynikiem
Percentyl według liczby udzielonych odpowiedzi
Twoja historia wyników
Nie rozwiązałeś tego quizu